| 000 | 01133nam2a22002771 4500 | ||
|---|---|---|---|
| 001 | v19\rc\1380637 | ||
| 005 | 20250618030116.0 | ||
| 035 | _a(NLR Aleph) 004458975 | ||
| 090 |
_a4509078 _c4509078 |
||
| 100 | _a20060512d1898 |||y0rusy50 ca | ||
| 101 | 0 | _arus | |
| 102 | _aRU | ||
| 105 | _ay z ||||| | ||
| 200 | 0 | _aза 1897 год | |
| 210 |
_d1898 _aБ. м. |
||
| 215 | _a[2], 87 с. | ||
| 461 | 0 |
_1001v19\rc\1380610 _12001#$aОтчет Стародубской уездной земской управы Черниговской губернии ...$vза 1897 год$90 _94508959 _aСтародубская уездная земская управа _cСтародуб _dценз. 1869-1916 _tОтчет Стародубской уездной земской управы Черниговской губернии ... _vза 1897 год$90 |
|
| 801 | 0 |
_aRU _bNLR _gpsbo |
|
| 801 | 0 |
_aRU _bRuMoRGB _2psbo |
|
| 801 | 1 |
_aRU _bProSoft-M _2rusmarc |
|
| 852 |
_aNLR _bЗем _j46-14/О1 |
||
| 899 |
_aRuMoRGB (1871-1916*) _jA 153/201 |
||
| 899 |
_aRuMoRGB (1871-1916*) _jU 34/41 |
||
| 899 | _aБАН (1888-1910*) | ||
| 942 | _cBOOK | ||
| 980 | _aNB | ||